Viszkocs nyert Felsővámoson

Bibliographic Details
Main Author: (jmk) (Author)
Format: Article
Language:Hungarian
ISSN:1335-7050
Subjects:

MARC

LEADER 00000nab a2200000 4500
001 vtls011910427
003 SK-MaSNL
005 20260318140327.0
008 200113|20200111xo |||| || ||00 0|hun
015 |a SNBRB2020/01 
038 |a DSZK 
040 |a DSZK  |b slo  |c DSZK  |e rda 
041 |a hun 
043 |a e-xo--- 
044 |a xo  |c SK 
072 7 |a 796  |x Šport. Hry. Telesné cvičenia  |2 konspekt 
080 |a 796.386.093.43  |x (437.612)  |2 2011 
100 1 |a (jmk)  |4 aut  |9 866754 
245 1 0 |a Viszkocs nyert Felsővámoson  |c [szerző] (jmk) 
336 |a text  |b txt  |2 rdacontent 
337 |a bez média  |b n  |2 rdamedia 
338 |a zväzok  |b nc  |2 rdacarrier 
611 2 7 |a Súťaž amatérov v stolnom tenise  |n (5. :  |d 2020 :  |c Horné Mýto, Slovensko)  |2 dszk  |9 1108326 
650 0 7 |a stolný tenis  |2 SNKPH  |9 25562 
651 7 |a Horné Mýto (Slovensko)  |2 SNKPHgeo  |9 176758 
773 0 |t Új szó  |g Évf. 73, sz. 8 (2020.1.11), o. 19  |x 1335-7050 
958 |a SK 
958 |a HU 
958 |a RG 
999 |c 1824521  |d 1826451